| 000 -LEADER | |
|---|---|
| fixed length control field | 00387nam a22001697a 4500 |
| 005 - DATE AND TIME OF LATEST TRANSACTION | |
| control field | 20160621113303.0 |
| 008 - FIXED-LENGTH DATA ELEMENTS--GENERAL INFORMATION | |
| fixed length control field | 160621b xxu||||| |||| 00| 0 eng d |
| 020 ## - INTERNATIONAL STANDARD BOOK NUMBER | |
| ISBN | 978-81-317-1089-0 |
| 041 ## - LANGUAGE CODE | |
| Language code of text/sound track or separate title | eng |
| 082 ## - DEWEY DECIMAL CLASSIFICATION NUMBER | |
| Item number | 8693 |
| 100 ## - MAIN ENTRY--AUTHOR NAME | |
| Personal name | Still Richard R and others |
| 245 ## - TITLE STATEMENT | |
| Title | Sales Management |
| 260 ## - PUBLICATION, DISTRIBUTION, ETC. (IMPRINT) | |
| Name of publisher | Pearson |
| 300 ## - PHYSICAL DESCRIPTION | |
| Number of Pages | 629 |
| 650 ## - SUBJECT ADDED ENTRY--TOPICAL TERM | |
| Topical Term | Management |
| 942 ## - ADDED ENTRY ELEMENTS (KOHA) | |
| Koha item type | Books |
| Lost status | Damaged status | Collection code | Home library | Current library | Shelving location | Date acquired | Full call number | Accession Number | Koha item type |
|---|---|---|---|---|---|---|---|---|---|
| MANAGEMENT | JRU Library | JRU Library | SHELF-38-H | 21/06/2016 | 8693 | 8693 | Books | ||
| MANAGEMENT | JRU Library | JRU Library | SHELF- 67 J | 21/06/2016 | 8693 | 8694 | Books |